Fábulas
Guardat en:
| Autor principal: | |
|---|---|
| Format: | Llibre |
| Idioma: | espanyol |
| Publicat: |
Madrid
Gredos
2005
|
| Col·lecció: | Biblioteca Clásica Gredos, 343
|
| Matèries: | |
| Etiquetes: |
Afegir etiqueta
Sense etiquetes, Sigues el primer a etiquetar aquest registre!
|
MARC
| LEADER | 00000nam a2200000 a 4500 | ||
|---|---|---|---|
| 001 | UCJ0034 | ||
| 003 | CL-VaPUC | ||
| 008 | 060623e20050000SP |||||||||||||||||spa|d | ||
| 020 | |a 8424927907 | ||
| 082 | 0 | 4 | |a 873 |b FED |2 21 |
| 100 | 0 | |a Fedro |e author |9 500067 | |
| 245 | 1 | 0 | |a Fábulas |
| 300 | |a 403 p | ||
| 942 | |c BK | ||
| 945 | |d 20060623 00:00:00 |a jtorresc | ||
| 260 | |a Madrid |b Gredos |c 2005 | ||
| 600 | 0 | 7 | |a ROMULO |2 CL-VaPUC |9 433944 |
| 650 | 7 | |a FABULAS LATINAS |2 CL-VaPUC |9 450610 | |
| 650 | 0 | |a Literatura latina |9 258055 | |
| 583 | |a last modification |c 20130305 12:42:39 |k Rodrigo Vera | ||
| 490 | 0 | |a Biblioteca Clásica Gredos, 343 | |
| 999 | |c 317025 |d 317023 | ||
| 952 | |0 0 |1 0 |4 0 |6 873_000000000000000_FED_2005 |7 0 |8 X |9 392695 |a BIBHIS |b BIBHIS |d 2019-11-22 |i 4235088 |o 873 FED 2005 |p 4235088 |r 2024-01-30 |w 2019-11-22 |y BK_X |k HIS | ||